| 000 | 01010nam a22003017a 4500 | ||
|---|---|---|---|
| 003 | CHAP | ||
| 005 | 20220329135218.0 | ||
| 008 | 971013s1964 r 00010 eng d | ||
| 010 | _a32693 | ||
| 011 | _a33665 | ||
| 035 | _a37781 | ||
| 040 | _cCHAP | ||
| 082 |
_a633.74 _bC8 |
||
| 100 | 0 | 0 |
_aCuatrecasas, José. _929942 |
| 245 | 1 | _aCacao and its allies; a taxonomic revision of the genus Theobroma | |
| 260 |
_aWashington : _bSmithsonia Institution, _c1964 |
||
| 300 |
_a614 p. _b: ilus. |
||
| 490 |
_aContributions from the U.S. National Herbarium _v; 36 part. 6 |
||
| 590 |
_aBATCH-UPD _b10 _c20130110 _lUCH01 _h1052 |
||
| 590 |
_aBATCH-UPD _b10 _c20130410 _lUCH01 _h0648 |
||
| 590 |
_aBATCH-UPD _b10 _c20130914 _lUCH01 _h0803 |
||
| 590 |
_aCONVERSION _b10 _c20130109 _lUCH01 _h1318 |
||
| 650 | 1 | 4 |
_aCacao. _916918 |
| 830 | 0 |
_aContributions from the U.S. National Herbarium _v; 36 part. 6 _927572 |
|
| 901 | _aBK | ||
| 942 | _cLIBRO | ||
| 949 |
_a633.74 C8 _bBC _cLIBRO _d33724000199949 _eLIBRO _h39018 _i37781 _mD _si |
||
| 999 |
_c32693 _d32693 |
||